000 00859nam a2200253Ia 4500
003 OSt
005 20220918170447.0
006 a|||||r|||| 00| 0
007 ta
008 220917b |||||||| |||| 00| 0 eng d
020 _a9780230553200 (hbk)
_c4415.94
024 _a263,067
037 _bBBS/42, 25/10/2011, Better Book Services
_cTextual
040 _aARTS
_cARTS
_beng
041 _2eng
_aeng
082 _aV49G:1(G:55).N1, Q1
100 _aBeattie James
_929187
245 0 _aEmpire and environmental anxiety
_b Health, science art and conservation in South Asia and Australian 1800-1920
260 _aNew York
_bPalgrave Macmillan USA
_c2011
300 _axv,320p.
_ccm.
650 _aHISTORY
942 _hV49G:1(G:55).N1, Q1
_cTEXL
_2CC
999 _c134245
_d134245